[Event "Montigny le Bretonneux Noel op 09th"]
[Site "Montigny le Bretonneux"]
[Date "2006.12.27"]
[Round "6"]
[White "Demarche, Vladislav"]
[Black "Dumesnil, Alain"]
[Result "0-1"]
[WhiteElo "1009"]
[BlackElo "1520"]
[PlyCount "50"]
[EventDate "2006.12.27"]
[EventType "swiss"]
[EventRounds "7"]
[EventCountry "FRA"]
[SourceTitle "CBM 116 Extra"]
[Source "ChessBase"]
[SourceDate "2007.03.07"]
[SourceVersion "1"]
[SourceVersionDate "2007.03.07"]
[SourceQuality "1"]

1. c4 c6 2. d4 d5 3. c5 Nf6 4. Nf3 Bf5 5. Nc3 e6 6. a3 Be7 7. b4 0-0 8. e3 Nbd7 9. Be2 Qc7 10. 0-0 Ne4 11. Qc2 Ng3 12. Bd1 Bxc2 13. Bxc2 Nxf1 14. g3 Nxh2 15. Nxh2 Nf6 16. f4 h5 17. Bd2 Ng4 18. Nxg4 hxg4 19. Kg2 f5 20. e4 dxe4 21. Rh1 Kf7 22. a4 Rh8 23. Rxh8 Rxh8 24. b5 Qd8 25. bxc6 bxc6 0-1

[Event "Montigny le Bretonneux Noel op 08th"]
[Site "Montigny le Bretonneux"]
[Date "2005.12.27"]
[Round "2"]
[White "Demarche, Vladislav"]
[Black "Vedrunes, Jean"]
[Result "0-1"]
[WhiteElo "1009"]
[BlackElo "1620"]
[PlyCount "60"]
[EventDate "2005.12.26"]
[EventType "swiss"]
[EventRounds "7"]
[EventCountry "FRA"]
[SourceTitle "CBM 110 Extra"]
[Source "ChessBase"]
[SourceDate "2006.03.10"]
[SourceVersion "2"]
[SourceVersionDate "2006.03.10"]
[SourceQuality "1"]

1. e4 e6 2. Nf3 d5 3. e5 c5 4. Be2 Nc6 5. 0-0 Nge7 6. Nc3 Ng6 7. d3 Ngxe5 8. Bd2 a6 9. Nxe5 Nxe5 10. Bf4 Bd6 11. Bxe5 Bxe5 12. Bg4 Qb6 13. Na4 Qc7 14. Qf3 Bxh2+ 15. Kh1 Be5 16. Rfe1 Bf6 17. Rab1 0-0 18. Re2 Bd7 19. Kg1 Bxa4 20. Kf1 Bc6 21. Ke1 Qh2 22. Kd2 Bg5+ 23. Kc3 d4+ 24. Kb3 Bxf3 25. gxf3 Qc7 26. c4 dxc3 27. Kxc3 Qa5+ 28. Kc2 Qa4+ 29. Kc3 Qxa2 30. Rc1 Bf6+ 0-1